000 00885cam a2200205 4500
001 WB3831-19
008 020823n2002 000 0 eng u
035 _a(Sirsi) u119420
245 _aHousing index launched
260 _c2002
490 _aRightmove Press Release
_v 20 August 2002, (1)
520 _aRightmove has launched its new real-time monthly property report, providing up-to-minute house price trend information. It will contain UK average price, monthly and annual increase or decrease, and regional data. August issue available at www.rightmove.co.uk/p/pdf/hpi/RealTimePropertyReport20August2002.pdf www.rightmove.co.uk/rm/s/rm/template/publicsite%2Cgeneric%2CPress.vm/nc/1030108641171/svr/1033
590 _aWB
650 _aTRENDS
650 _aHOUSE PRICES
650 _aPROPERTY REPORTS
650 _aPROPERTY MARKETS
690 _aHOUSING
942 _n0
999 _c70999
_d70999